Cinematic Wikipedia Tangents Quiz Stats

 Plays Quiz Updated Sep 28, 2015

Also try: Clikipedia: Movies
Challenge
Share
Tweet
Embed
Score 0/24 Timer 06:00
10 Plays Today
% Correct
Ocean's Eleven
91.9%
The Shawshank Redemption
89.1%
Jaws
88.2%
The Social Network
87.6%
Raiders of the Lost Ark
87.2%
E.T. The Extra-Terrestrial
86.5%
Fargo
86.3%
Memento
84.9%
Casablanca
83.2%
Godzilla
82.3%
From Russia With Love
80.8%
WarGames
80.3%
% Correct
Up
80.2%
Lawrence of Arabia
79.7%
Caddyshack
79.1%
This is Spinal Tap
79.1%
The Blair Witch Project
78.8%
A Clockwork Orange
78.3%
Apocalypse Now
77.8%
The Fugitive
75.4%
Ferris Bueller's Day Off
74%
Alien
72.6%
Pan's Labyrinth
72.2%
Vertigo
67.7%

You're not logged in!

Compare scores with friends on all Sporcle quizzes.
OR
Log In

You Might Also Like...

Show Comments

Extras

Top Quizzes Today


Score Distribution

Your Account Isn't Verified!

In order to create a playlist on Sporcle, you need to verify the email address you used during registration. Go to your Sporcle Settings to finish the process.

Report this User

Report this user for behavior that violates our Community Guidelines.

Details: